[Event "Challenge"]
[Site "http://www.queenalice.com/game.php?id=793967"]
[Date "2010.6.23"]
[Round "-"]
[White "laloma"]
[Black "UU"]
[Result "1-0"]
[WhiteElo "1474"]
[BlackElo "1557"]

1. e4 e5 2. Bc4 Nc6 3. Na3 Nf6 4. d3 d6 5. c3 Be7 6. d4 Nxe4 7. dxe5 Nxe5 8. Be2
Bh4 9. g3 Bf6 10. f3 Ng5 11. f4 Ne4 12. fxe5 Bxe5 13. Bd3 Bf5 14. Qf3 Ng5 15.
Qxf5 Qe7 16. Nb5 Bxc3+ 17. Kd1 Bf6 18. Qd5 c6 19. Qb3 O-O 20. Nc3 Rae8 21. Nge2
Nh3 22. Ne4 d5 23. Nxf6+ Qxf6 24. Qxb7 Nf2+ 25. Ke1 Nxh1 26. Bf4 a5 27. Kd2 Nf2
28. a3 Ne4+ 29. Kc1 Nc5 30. Qb6 Nxd3+ 31. Kd1 Nxb2+ 32. Ke1 Nd3+ 33. Kd2 1-0

[Event "Challenge"]
[Site "http://www.queenalice.com/game.php?id=794787"]
[Date "2010.6.25"]
[Round "-"]
[White "laloma"]
[Black "nebojsa"]
[Result "0-1"]
[WhiteElo "1453"]
[BlackElo "1500"]

1. e4 e5 2. Bc4 Nf6 3. c3 d5 4. Bb5+ Bd7 5. Bxd7+ Qxd7 6. d3 Bc5 7. b4 Bd6 8. f3
Nc6 9. Na3 d4 10. Qb3 dxc3 11. b5 Nd4 12. Qxc3 Qe7 13. Ne2 Bb4 14. Qd2 Bxd2+ 15.
Kxd2 O-O 16. Nxd4 Qb4+ 17. Ke3 Qxd4+ 18. Kd2 Qxa1 19. g4 Qxa2+ 20. Kd1 Rad8 21.
Nc2 Rxd3+ 22. Ke2 Qxc2+ 23. Bd2 Qxd2+ 24. Kf1 Rxf3+ 25. Kg1 Qf2# 0-1

[Event "Challenge"]
[Site "http://www.queenalice.com/game.php?id=797374"]
[Date "2010.7.1"]
[Round "-"]
[White "laloma"]
[Black "Kalev17"]
[Result "1-0"]
[WhiteElo "1428"]
[BlackElo "1753"]

1. e4 e6 2. d4 d5 3. exd5 exd5 4. Na3 Nf6 5. Nh3 Bb4+ 6. c3 Bxa3 7. bxa3 Qe7+ 8.
Qe2 Qxe2+ 9. Bxe2 Bxh3 10. gxh3 Nbd7 11. Bf4 Ne4 12. Rc1 g5 13. Bxc7 Rc8 14. Ba5
b6 15. Bb4 a5 16. Ba6 Rc7 17. f3 axb4 18. axb4 Rxc3 19. Rxc3 Nxc3 20. a3 Na4 21.
Kf2 Nc3 22. Re1+ Kd8 23. Rc1 1-0

[Event "Challenge"]
[Site "http://www.queenalice.com/game.php?id=798838"]
[Date "2010.7.4"]
[Round "-"]
[White "laloma"]
[Black "twmoore"]
[Result "0-1"]
[WhiteElo "1700"]
[BlackElo "1703"]

1. e4 c5 2. Bc4 Nc6 3. Qh5 e6 4. Nf3 Nf6 5. Qh4 h6 6. Nc3 d6 7. a3 Be7 8. Qf4 e5
9. Qg3 Nh5 10. Nd5 Nxg3 11. hxg3 Be6 12. b4 Bxd5 13. Bxd5 Nd4 14. Nxd4 cxd4 15.
f4 O-O 16. O-O d3 17. cxd3 Qb6+ 18. Rf2 Qd4 19. Rb1 Qxd3 20. Ba2 Qxg3 21. Rb3
Qg4 22. d3 Rac8 23. Bd2 Bh4 24. Be1 Bxf2+ 25. Bxf2 Rc1+ 26. Kh2 Rc2 27. Bb1 Rxf2
28. fxe5 Qxg2# 0-1

[Event "Challenge"]
[Site "http://www.queenalice.com/game.php?id=799968"]
[Date "2010.7.7"]
[Round "-"]
[White "laloma"]
[Black "carito30236"]
[Result "0-1"]
[WhiteElo "1442"]
[BlackElo "1634"]

1. e4 Nf6 2. Qf3 a6 3. Nc3 b5 4. Nge2 d6 5. Nd4 Bg4 6. Qf4 e5 7. Nc6 Nxc6 8. Qg5
Nd4 9. Bd3 h6 10. Qh4 Be7 11. f3 g5 12. Qf2 b4 13. Nd5 Nxd5 14. exd5 Bh5 15. g4
Bg6 16. Kd1 c5 17. Bxg6 fxg6 18. c3 bxc3 19. bxc3 Nb5 20. a4 Nc7 21. c4 Rb8 22.
d3 Rb3 23. Qc2 Qb8 24. Re1 Rf8 25. d4 Rfxf3 26. Qxg6+ Kd7 27. dxe5 Rbd3+ 28. Bd2
Qb2 29. e6+ Kc8 30. Qg8+ Bd8 31. Rc1 Qxd2# 0-1

[Event "Challenge"]
[Site "http://www.queenalice.com/game.php?id=803416"]
[Date "2010.7.14"]
[Round "-"]
[White "laloma"]
[Black "Filipon_El_Bigodon"]
[Result "0-1"]
[WhiteElo "1491"]
[BlackElo "1653"]

1. e4 e5 2. Nf3 Nc6 3. Nc3 Bc5 4. Bc4 d6 5. d3 Bg4 6. Bg5 f6 7. Bc1 Qe7 8. Nd5
Qd7 9. h3 Bh5 10. g4 Bg6 11. Nh4 Nge7 12. Nxg6 Nxg6 13. f3 h5 14. gxh5 Rxh5 15.
f4 Rh8 16. fxe5 fxe5 17. c3 O-O-O 18. b4 Rxh3 19. Rxh3 Qxh3 20. bxc5 Qg2 21. Qe2
Qh1+ 22. Qf1 Qh4+ 23. Qf2 Qh7 24. Bg5 Rf8 25. Qg1 b6 26. Ba6+ Kb8 27. O-O-O Na5
28. cxd6 cxd6 29. Ne7 Nxe7 30. Bxe7 Rf3 31. Bxd6+ Ka8 32. Qg4 Qh6+ 33. Rd2 Qxd6
34. Qxf3 Qa3+ 35. Kd1 Qa4+ 36. Rc2 Qe8 37. Rf2 Kb8 38. Qf7 Qxf7 39. Rxf7 g5 40.
d4 exd4 41. Rb7+ Nxb7 42. e5 dxc3 43. e6 Nd6 44. e7 g4 45. a4 g3 46. Bb5 g2 47.
e8=Q+ Nxe8 48. Bxe8 g1=Q+ 49. Kc2 Qe1 50. Bg6 Qd2+ 51. Kb1 Qb2# 0-1

[Event "CHEQUE! V"]
[Site "http://www.queenalice.com/game.php?id=806986"]
[Date "2010.7.22"]
[Round "-"]
[White "perucona"]
[Black "laloma"]
[Result "0-1"]
[WhiteElo "1607"]
[BlackElo "1498"]

1. e4 e5 2. d4 d6 3. d5 Nf6 4. Nf3 c5 5. Bg5 h6 6. Bxf6 Qxf6 7. Bb5+ Bd7 8.
Bxd7+ Nxd7 9. O-O Nb6 10. Nc3 a6 11. Re1 Nc4 12. b3 Nb2 13. Qb1 b5 14. Qxb2 b4
15. Ne2 g5 16. Nd2 O-O-O 17. Rf1 h5 18. g3 h4 19. g4 a5 20. Qc1 Kd7 21. Nc4 h3
22. Ng3 Qf4 23. Qe1 Rh4 24. Ne2 Qxg4+ 25. Kh1 Qf3+ 26. Kg1 Rg4+ 27. Ng3 Qg2# 0-1

[Event "Challenge"]
[Site "http://www.queenalice.com/game.php?id=807316"]
[Date "2010.7.23"]
[Round "-"]
[White "mario48"]
[Black "laloma"]
[Result "1-0"]
[WhiteElo "1554"]
[BlackElo "1500"]

1. e4 e5 2. Nf3 f6 3. Bc4 Bc5 4. d4 exd4 5. Nxd4 Nc6 6. Qh5+ g6 7. Qxc5 d6 8.
Nxc6 dxc5 9. Nxd8 Kxd8 10. Be3 b6 11. O-O Nh6 12. Bxh6 g5 13. Bg7 Re8 14. Bxf6+
Kd7 15. Rd1+ Kc6 16. Bd5+ Kb5 17. Nc3+ Kb4 18. a3+ Ka5 19. b4+ cxb4 20. axb4+
Kxb4 21. Bd4 Rb8 22. Rdb1# 1-0

[Event "Challenge"]
[Site "http://www.queenalice.com/game.php?id=808197"]
[Date "2010.7.25"]
[Round "-"]
[White "mario18"]
[Black "laloma"]
[Result "1-0"]
[WhiteElo "1596"]
[BlackElo "1506"]

1. e4 e5 2. Nf3 f6 3. d4 d5 4. dxe5 dxe4 5. Qxd8+ Kxd8 6. Nfd2 fxe5 7. Nxe4 Bf5
8. Bg5+ Nf6 9. Nbc3 Nd7 10. Rd1 Be7 11. Bxf6 Bxf6 12. Nc5 Rb8 13. Bc4 b6 14.
Nxd7 Bxd7 15. Be6 c5 16. Bxd7 Rb7 17. Bc6+ Kc8 18. Bxb7+ Kxb7 19. Ne4 Be7 20.
Rd7+ Ka6 21. Rxe7 g6 22. Rxe5 Rc8 23. O-O h5 24. Rd1 Kb5 25. Re6 Rg8 26. b3 a5
27. Nf6 Rg7 28. Rdd6 Rb7 29. f4 Ka6 30. a4 Rb8 31. Nd7 Rb7 32. Nxc5+ Ka7 33.
Nxb7 Kxb7 34. Rxb6+ Ka7 35. Rbd6 h4 36. Re7+ Kb8 37. Rd8# 1-0

[Event "Challenge"]
[Site "http://www.queenalice.com/game.php?id=810712"]
[Date "2010.7.30"]
[Round "-"]
[White "laloma"]
[Black "miltonferreira"]
[Result "1-0"]
[WhiteElo "1466"]
[BlackElo "1491"]

1. e4 Nf6 2. d3 e5 3. Na3 Bb4+ 4. Bd2 Nc6 5. c3 Ba5 6. c4 Qe7 7. Bxa5 Nxa5 8.
Nh3 Qb4+ 9. Qd2 c5 10. Qxb4 cxb4 11. Nb5 b6 12. Nc7+ Ke7 13. Nxa8 Bb7 14. Nc7
Ng4 15. Nd5+ Ke6 16. Ng5+ Kd6 17. Nxf7+ Ke6 18. Nxh8 Nc6 19. Nc7+ Ke7 20. f3 Nf6
21. Nd5+ Ke6 22. Nxf6 gxf6 23. g3 Nd4 24. Bh3+ Kd6 25. f4 Nf3+ 26. Kf2 Nd4 27.
fxe5+ fxe5 28. a3 a5 29. axb4 Nc2 30. Nf7+ Ke7 31. Nxe5 Nxb4 32. Nxd7 Nxd3+ 33.
Ke2 Nxb2 34. Nxb6 Bxe4 35. Rhd1 Bb7 36. Rd7+ Kf6 37. Rxb7 Nxc4 38. Nxc4 Kg5 39.
Rxa5+ Kg6 40. Bf5+ Kg5 41. Bh3+ Kg6 42. Ra6+ Kg5 43. Rb5# 1-0

[Event "Challenge"]
[Site "http://www.queenalice.com/game.php?id=810962"]
[Date "2010.7.30"]
[Round "-"]
[White "Philipian"]
[Black "laloma"]
[Result "0-1"]
[WhiteElo "1529"]
[BlackElo "1480"]

1. d4 d5 2. c4 dxc4 3. e4 Nc6 4. Nf3 Bg4 5. d5 Nb4 6. Bxc4 Nf6 7. Nc3 e6 8. h3
Bxf3 9. Qxf3 Nc2+ 10. Kf1 Nxa1 11. Bd3 Bc5 12. Ne2 exd5 13. e5 Ng8 14. g4 Qh4
15. Bf5 g6 16. Bd3 O-O-O 17. Qxf7 Rd7 18. Qf4 g5 19. Qf5 Nh6 20. Qf3 Nf7 21. Be3
Nxe5 22. Qg3 Qxg3 23. Nxg3 Bxe3 24. Bf5 Rf8 25. fxe3 Nc2 26. Ke2 Nb4 27. Bxd7+
Kxd7 28. Nf5 Ned3 29. a3 Nf4+ 30. Kd2 c5 31. axb4 cxb4 32. Rf1 Ng2 33. Kd3 Ke6
34. Nh4 Rxf1 35. Nxg2 Rd1+ 36. Ke2 Rg1 37. Kf2 Rxg2+ 38. Kxg2 a5 39. Kf2 a4 40.
Ke2 a3 41. bxa3 bxa3 0-1

[Event "Challenge"]
[Site "http://www.queenalice.com/game.php?id=811810"]
[Date "2010.8.1"]
[Round "-"]
[White "sunking"]
[Black "laloma"]
[Result "1-0"]
[WhiteElo "1541"]
[BlackElo "1527"]

1. d3 e6 2. e4 Qh4 3. Nf3 Qf6 4. Bg5 Qg6 5. h4 f6 6. Qd2 fxg5 7. hxg5 Nc6 8. Qe3
b6 9. Nc3 Ba6 10. b3 Bc5 11. Qf4 Bd6 12. e5 Bf8 13. d4 O-O-O 14. Nh4 Qxc2 15.
Qc1 Qxc1+ 16. Rxc1 Bxf1 17. Rxf1 Nxd4 18. f3 Ba3 19. Rb1 h6 20. Rf2 hxg5 21. Ng6
Rh1+ 22. Rf1 Nc2+ 23. Kf2 Bc5+ 24. Kg3 Rxf1 25. f4 1-0

[Event "Challenge"]
[Site "http://www.queenalice.com/game.php?id=811846"]
[Date "2010.8.1"]
[Round "-"]
[White "laloma"]
[Black "roidechecs"]
[Result "1-0"]
[WhiteElo "1502"]
[BlackElo "1547"]

1. e4 e5 2. Bc4 d6 3. Nf3 Nc6 4. Ng5 Be6 5. Bxe6 Qxg5 6. Bh3 Nf6 7. d3 Be7 8.
Bxg5 O-O 9. Bxf6 gxf6 10. Qg4+ Kh8 11. Qd7 Rac8 12. Nc3 Rfd8 13. Qg4 Nd4 14.
O-O-O Rg8 15. Qh5 Rg5 16. Qxf7 Rg7 17. Qd5 c6 18. Qa5 Ra8 19. Bf5 Nxf5 20. exf5
Rxg2 21. Qc7 Rxf2 22. Qxe7 Rxf5 23. Rhg1 d5 24. Qg7# 1-0

[Event "Challenge"]
[Site "http://www.queenalice.com/game.php?id=828790"]
[Date "2010.9.6"]
[Round "-"]
[White "laloma"]
[Black "mario48"]
[Result "1-0"]
[WhiteElo "1483"]
[BlackElo "1460"]

1. e3 e5 2. Na3 d5 3. Nh3 Nf6 4. d4 exd4 5. exd4 Bxa3 6. Qe2+ Be7 7. Ng5 Nc6 8.
c3 O-O 9. g3 Re8 10. Be3 Ng4 11. a3 Bxg5 12. f3 Rxe3 13. Qxe3 1-0

[Event "Challenge"]
[Site "http://www.queenalice.com/game.php?id=829999"]
[Date "2010.9.9"]
[Round "-"]
[White "Filipon_El_Bigodon"]
[Black "laloma"]
[Result "0-1"]
[WhiteElo "1628"]
[BlackElo "1554"]

1. e4 e5 2. Nf3 f6 3. Bc4 Nh6 4. Nxe5 fxe5 5. Qf3 Qf6 6. d3 Qxf3 7. gxf3 Nc6 8.
Nc3 Nd4 9. Bb3 Nxb3 10. cxb3 Bb4 11. Bd2 b6 12. O-O-O Ba6 13. Nd5 Bxd2+ 14. Rxd2
Kd8 15. f4 c6 16. Nc3 exf4 17. Rg1 g6 18. d4 Nf7 19. a4 Ng5 20. Rxg5 b5 21. d5
Bb7 22. axb5 cxb5 23. Nxb5 Rc8+ 24. Kd1 a6 25. Nd6 Kc7 26. Nf7 Rhe8 27. f3 Re7
28. d6+ Kc6 29. dxe7 Kb6 30. Nd6 Ka7 31. Nxc8+ Bxc8 32. e8=Q Bb7 33. Qxd7 a5 34.
Qc7 Ka6 0-1

[Event "Challenge"]
[Site "http://www.queenalice.com/game.php?id=830000"]
[Date "2010.9.9"]
[Round "-"]
[White "laloma"]
[Black "Filipon_El_Bigodon"]
[Result "1-0"]
[WhiteElo "1573"]
[BlackElo "1582"]

1. e4 e5 2. d3 Nc6 3. Nh3 Bc5 4. Bg5 Nf6 5. Nc3 d6 6. Nd5 O-O 7. Nxf6+ Kh8 8.
Nd5 Qd7 9. c3 Na5 10. d4 Bb6 11. Nxb6 cxb6 12. dxe5 Re8 13. f4 dxe5 14. Qxd7
Bxd7 15. fxe5 Rxe5 16. Bd3 a6 17. b4 Nc6 18. O-O Bxh3 19. gxh3 a5 20. Be3 Rae8
21. Rf4 axb4 22. cxb4 Nxb4 23. Bb5 R8e7 24. Bd3 Nxd3 25. Rg4 h5 26. Rh4 g6 27.
Bxb6 Rxe4 28. Rxe4 Rxe4 29. Rd1 f5 30. Rxd3 g5 31. Bd4+ Kh7 32. Kf2 g4 33. h4 f4
34. Kg2 1-0

[Event "Challenge"]
[Site "http://www.queenalice.com/game.php?id=853925"]
[Date "2010.11.3"]
[Round "-"]
[White "laloma"]
[Black "Alan_74"]
[Result "1-0"]
[WhiteElo "1520"]
[BlackElo "1565"]

1. e4 c5 2. Bc4 e6 3. Nc3 a6 4. Nf3 Nc6 5. d3 Nf6 6. Bg5 Be7 7. Nh4 b5 8. Bb3
Nd4 9. a4 Nxb3 10. cxb3 b4 11. Ne2 h6 12. Be3 d5 13. exd5 Nxd5 14. Nf4 Nxe3 15.
fxe3 Bxh4+ 16. g3 Bf6 17. Rb1 Bb7 18. e4 O-O 19. O-O e5 20. Nh5 Bg5 21. a5 Bc6
22. Rc1 Bxc1 23. Qxc1 Qd4+ 24. Rf2 Rac8 25. g4 g6 26. Ng3 Bd7 27. h3 Qxd3 28.
Kg2 f5 29. Rf3 Qb5 30. exf5 Qc6 31. Qc4+ Kg7 32. h4 gxf5 33. g5 e4 34. Rf4 e3+
35. Kh3 Qb5 36. gxh6+ Kxh6 37. Qd5 e2 38. Qd6+ Kg7 39. Nh5+ Kh8 40. Qh6+ Kg8 41.
Qg7# 1-0

[Event "Challenge"]
[Site "http://www.queenalice.com/game.php?id=853932"]
[Date "2010.11.3"]
[Round "-"]
[White "laloma"]
[Black "akazuna_no_sasori"]
[Result "1-0"]
[WhiteElo "1518"]
[BlackElo "1028"]

1. e4 e5 2. Bc4 Nc6 3. Qh5 g6 4. Qf3 Nf6 5. Nh3 Nd4 6. Qc3 Bb4 7. Qd3 b5 8. Bxb5
a6 9. Bc4 d5 10. Bxd5 Nxd5 11. exd5 Qxd5 12. f3 Bf5 13. Qb3 Nxb3 14. axb3 O-O-O
15. Ng5 Bxc2 16. Nc3 Bxc3 17. bxc3 Bxb3 18. Rxa6 1-0

[Event "Challenge"]
[Site "http://www.queenalice.com/game.php?id=854897"]
[Date "2010.11.5"]
[Round "-"]
[White "laloma"]
[Black "oscarpov"]
[Result "0-1"]
[WhiteElo "1518"]
[BlackElo "1500"]

1. e4 c6 2. Bc4 d5 3. exd5 cxd5 4. Bb5+ Nc6 5. Nc3 Nf6 6. Nf3 Bg4 7. b3 e6 8. d3
Be7 9. h3 Bb4 10. hxg4 Bxc3+ 11. Bd2 Bxa1 12. Qxa1 O-O 13. O-O Nxg4 14. c4 a6
15. Bxc6 bxc6 16. Nd4 Qd6 17. f3 Qh2# 0-1

[Event "Challenge"]
[Site "http://www.queenalice.com/game.php?id=867114"]
[Date "2010.12.3"]
[Round "-"]
[White "isaiasgah"]
[Black "laloma"]
[Result "1-0"]
[WhiteElo "1358"]
[BlackElo "1554"]

1. e4 e5 2. Nf3 f6 3. d4 d6 4. Nc3 Na6 5. Be2 Bg4 6. O-O Nh6 7. Bb5+ c6 8. Ba4
Qa5 9. d5 Nb4 10. a3 Bxf3 11. gxf3 Na6 12. dxc6 b5 13. Bxb5 Nc5 14. b4 Qb6 15.
Be3 g6 16. Bxc5 dxc5 17. Qd7# 1-0

[Event "Challenge"]
[Site "http://www.queenalice.com/game.php?id=868755"]
[Date "2010.12.7"]
[Round "-"]
[White "laloma"]
[Black "rayan10"]
[Result "0-1"]
[WhiteElo "1589"]
[BlackElo "1816"]

1. e4 e5 2. Bc4 Bc5 3. Nf3 f6 4. c3 Ne7 5. b4 Bb6 6. Na3 a6 7. d4 d5 8. exd5
exd4 9. Nxd4 Nxd5 10. Bxd5 Qxd5 11. O-O O-O 12. c4 Qxd4 13. Qxd4 Bxd4 14. Rb1
Be6 15. Be3 Bxe3 16. fxe3 Nc6 17. Rf4 Ne5 18. g4 Nxg4 19. Re1 Rfe8 20. h3 Ne5
21. Kg2 Nd3 22. Rb1 Nxf4+ 23. exf4 Rad8 24. Kf3 Rd3+ 25. Ke4 Bxc4+ 26. Kf5 Rxa3
27. Rc1 Bxa2 28. Rxc7 Bd5 29. Rd7 Bc6 30. Rd6 Rxh3 31. Kg4 Rh1 32. f5 Rg1+ 0-1